[Event "9th Ferdowski Cup 2019"]
[Site "Mashhad"]
[Date "2019.03.05"]
[Round "6.5"]
[White "Mazur, Stefan"]
[Black "Naderi, M.sadegh"]
[Result "1-0"]
[WhiteElo "2441"]
[BlackElo "2178"]
[Annotator "TA"]
[PlyCount "85"]
[EventDate "2019.03.01"]
[EventType "swiss"]
[EventCountry "IRI"]
[SourceTitle "playchess.com"]
[Source "ChessBase"]
[SourceQuality "1"]

{[%evp 15,85,30,19,16,37,29,45,35,29,22,32,17,13,28,18,15,27,0,37,28,43,37,45,1,6,6,6,0,0,0,0,0,137,35,81,102,73,79,89,56,49,47,93,89,75,83,118,124,214,207,200,209,217,216,219,219,219,197,328,334,365,329,329,329,337,306,397,373,376,381,1172,1135]} 1. e4 c6 2. d4 d5 3. Nd2 dxe4 4. Nxe4 Nf6 5. Nxf6+ exf6 6. c3 Bd6 7. Bd3 O-O 8. Ne2 Re8 9. Qc2 {B15: Caro-Kann: 3 Nc3: 3...g6 and 3...dxe4 4 Nxe4 Nf6 5 Nxf6+ exf6} h5 10. O-O (10. Be3 Qa5 11. O-O h4 12. Bf4 Qc7 13. Qd2 Nd7 14. Rfe1 Nf8 15. Bxd6 Qxd6 16. Qf4 Qxf4 17. Nxf4 {½-½ (121) Savchenko,B (2562)-Nakamura,H (2746) St Petersburg 2018}) 10... h4 11. h3 {White is slightly better.} Nd7 12. Bd2 Nf8 13. Rae1 Bc7 14. Nf4 Be6 15. Nxe6 Nxe6 16. Qd1 $146 ({Predecessor:} 16. Bh7+) 16... c5 17. Qh5 g6 18. Qxh4 cxd4 19. Bb5 Qd6 {[%csl Gc7][%cal Rd6h2]} 20. g3 dxc3 21. Bf4 Nxf4 22. Bxe8 Ne6 23. Rd1 $36 {[%mdl 2048] Black is under pressure.} Qf8 (23... Qe7 $11 {keeps the balance.} 24. Ba4 Ng5) 24. Ba4 (24. Bd7 $16 Ng5 25. Qc4 {[%mdl 64] Double Attack}) 24... g5 25. Qh5 {Black must now prevent Bc2.} cxb2 26. Bc2 {[%csl Gc2][%cal Rh5h7]} Qg7 27. Rd7 {Threatens to win with Bf5.} Rd8 28. Rxd8+ Nxd8 29. Bf5 Nc6 30. Rd1 $1 {[%cal Rd1d7]} Ne7 {[#]} 31. Bb1 $1 f5 (31... Nc6 $16) 32. Rd7 $18 {[%mdl 64] Double Attack} Qe5 33. Qxg5+ Kf8 {[#]} 34. Qe3 $1 Qxe3 35. fxe3 Bxg3 36. Rxb7 {[%mdl 4096] Endgame KRB-KBN} Be5 (36... Nd5 $142 37. Kg2 (37. Rxb2 Nxe3 38. Rb5 f4 $18) 37... Be5) 37. Rxa7 f4 38. Ra8+ Kg7 39. exf4 Bxf4 40. Ra5 Nc6 41. Rb5 Be5 42. Kg2 {And now Rc5 would win.} Kf8 $2 (42... Bd4 43. a4 Kf6) 43. Rc5 {Accuracy: White = 67%, Black = 50%.} 1-0

[Event "9th Ferdowski Cup 2019"]
[Site "Mashhad"]
[Date "2019.03.05"]
[Round "6.6"]
[White "Moradi, Amirmasoud"]
[Black "Gholami Orimi, Mahdi"]
[Result "0-1"]
[WhiteElo "2297"]
[BlackElo "2408"]
[Annotator "TA"]
[PlyCount "102"]
[EventDate "2019.03.01"]
[EventType "swiss"]
[EventCountry "IRI"]
[SourceTitle "playchess.com"]
[Source "ChessBase"]
[SourceQuality "1"]

{[%evp 14,101,13,0,13,15,0,0,2,27,15,0,0,-11,0,-74,-69,-71,-63,-47,-59,-363,-57,-49,-63,-59,-78,-48,-74,-83,-57,-82,-62,-57,-65,-68,-55,-70,-58,-67,-22,-45,1,-20,-14,-8,53,-75,-30,-123,-109,-135,-132,-127,-76,-298,-129,-116,-122,-129,0,-239,-251,-237,-240,-251,-252,-234,-243,-244,-244,-232,-195,-293,-297,-410,-407,-452,-442,-791,-784,-916,-892,-29977,-29978,-29987,-29987,-29998,-29999,-29999]} 1. Nf3 Nf6 2. c4 e6 3. g3 d5 4. Bg2 d4 5. O-O c5 6. e3 Nc6 7. exd4 cxd4 8. d3 Be7 {A13: English Opening: 1...e6} 9. Qe2 (9. Re1 O-O 10. b3 Re8 11. Ba3 h6 12. Bxe7 Rxe7 13. a3 {½-½ (43) Maghsoodloo,P (2688)-Le,Q (2714) Makati 2018}) 9... Nd7 10. Na3 O-O {The position is equal.} 11. Nc2 e5 12. b4 $146 ({Predecessor:} 12. Bd2 a5 13. a3 a4 14. Nb4 Bd6 {0-1 (71) Gual Pascual,A (2388)-Lopez Martinez,J (2552) Sitges 2016}) 12... Nxb4 13. Nxb4 Bxb4 14. Nxe5 (14. Rb1 $11 Qa5 15. Ng5) 14... Qe7 $1 $17 {[%cal Re7e5]} 15. f4 f6 $1 $36 {[%cal Rf6e5][%mdl 2048] Black is pushing.} 16. Bd5+ Kh8 17. Ng6+ hxg6 18. Qg4 {[%cal Rg4h4] [#]} Rf7 $1 19. Qxg6 (19. Bxf7 Qxf7) 19... Kg8 20. Rb1 {Threatens to win with Rxb4.} Bd6 21. Bb2 {Black must now prevent Rfe1.} Nf8 22. Qxf7+ Qxf7 23. Bxf7+ Kxf7 24. Bxd4 b6 25. Rfc1 Ne6 {[%mdl 1024] Black has compensation.} 26. Be3 Ba6 27. d4 Rd8 28. f5 Ng5 29. c5 $1 {[%cal Rc5d6]} Bc7 (29... bxc5 $11 30. dxc5 Bc7) 30. d5 (30. Rb3 $1 $14 Be2 31. d5 $1 {[%mdl 512]}) 30... bxc5 31. Bxc5 (31. Rxc5 $11 {keeps the balance.} Bb6 32. Rc3 Rxd5 33. Bxb6 axb6 34. h4) 31... Rxd5 {And now ...Rd2 would win.} 32. Bxa7 Be5 33. Rd1 Ra5 (33... Nf3+ $142 34. Kg2 Nd2) 34. h4 $2 (34. Rd7+ $17 {was called for.} Kg8 35. Be3) 34... Ne4 (34... Nf3+ $19 35. Kf2 Rxa2+ 36. Kxf3 Be2+ {[%mdl 64] Double Attack} 37. Ke4 Rxa7) 35. Rd7+ Kg8 $1 36. Bb8 Nc3 ({Wrong is} 36... Rxa2 $2 37. Bxe5 Kh7 38. Rd8 $18) (36... Bxg3 $6 37. Rb4 $15) ({Black should play} 36... Nxg3 $17 {aiming for ...Bd4+!} 37. Bxe5 Rxe5) 37. Rb3 $2 (37. Rb4 $1 $11 {and White has nothing to worry.}) 37... Ne2+ $19 (37... Rxa2 $2 38. Bxe5 Ra1+ 39. Kf2 $18) 38. Kh1 Bc4 ({But not} 38... Rxa2 $2 39. Bxe5 fxe5 40. f6 $1 $18 {[%mdl 512]}) 39. Re3 Bxb8 40. Rd8+ Kh7 41. Rxb8 {Black should prevent g4.} Rxf5 ({Don't play} 41... Rxa2 42. g4) 42. Rd8 {[#]} Bb5 $1 {[%cal Rb5c6] Strongly threatening ...Bc6+.} 43. Rc8 (43. Rd6 $142) 43... Rf2 44. a3 Bd7 45. Rc7 Bh3 {( -> ...Bg2+)} 46. g4 (46. Rxe2 $142 Rxe2 47. Rc4) 46... Bxg4 47. Rce7 f5 48. R7e5 f4 {Black mates.} 49. Rd3 f3 50. Rg5 Ng3+ 51. Kg1 Rg2# {Accuracy: White = 41%, Black = 70%.} 0-1

[Event "9th Ferdowski Cup 2019"]
[Site "Mashhad"]
[Date "2019.03.06"]
[Round "7.1"]
[White "Mosadeghpour, Masoud"]
[Black "Khodashenas, Mersad"]
[Result "1-0"]
[WhiteElo "2542"]
[BlackElo "2480"]
[Annotator "TA"]
[PlyCount "121"]
[EventDate "2019.03.01"]
[EventType "swiss"]
[EventCountry "IRI"]
[SourceTitle "playchess.com"]
[Source "ChessBase"]
[SourceQuality "1"]

{[%evp 19,121,8,13,13,20,0,0,-8,4,-16,-22,-22,-13,-14,-27,-20,0,0,0,0,9,0,0,0,0,0,0,-25,41,50,52,36,35,46,83,88,87,66,70,67,127,127,118,121,220,233,233,228,226,207,207,209,209,233,233,230,215,216,222,200,205,184,292,292,267,254,499,593,575,552,451,0,329,292,302,317,889,903,879,878,800,778,688,711,1111,1034,1223,1105,1349,1020,1566,1547,5177,2998,29975,29976,29975,29977,29977,29978,29976,29977,29982,29983]} 1. c4 e5 2. Nc3 Nf6 3. g3 d5 4. cxd5 Nxd5 5. Bg2 Nb6 6. d3 Be7 7. Nf3 Nc6 8. O-O O-O 9. a3 a5 10. Be3 Be6 {LiveBook: 131 Games} 11. d4 {A29: English Opening: Four Knights Variation with 4 g3} (11. Bxb6 cxb6 12. e3 Qd7 13. d4 exd4 14. Nxd4 Nxd4 15. exd4 Bc4 16. Re1 Bf6 17. Qf3 Rad8 18. Rad1 b5 {0-1 (42) Potkin,V (2597)-Yu,Y (2764) St Petersburg 2018}) 11... exd4 12. Nxd4 Nxd4 13. Bxd4 {The position is equal.} c6 14. f4 $146 ({Predecessor:} 14. Qd3 Re8 15. Rad1 Bb3 16. Rc1 a4 17. Ne4 Ra5 18. Nd2 Rb5 19. Nxb3 Rxb3 {½-½ (42) Ryska,J (2123)-Pavlicek,M (2325) ICCF email 2014}) 14... Bb3 15. Qd3 Bc2 16. Qe3 Nc4 17. Qf2 c5 18. Bxc5 Bxc5 19. Qxc5 Rc8 20. Qa7 Re8 21. Rfc1 Qd2 22. Qxb7 Ne3 23. Bf3 Rxc3 (23... Bf5 $11) 24. bxc3 $14 {[#] Black must now prevent Qb5.} Bd1 25. Rxd1 $1 Nxd1 26. Qb5 {[%cal Rb5e8]} Qe3+ 27. Kg2 Nxc3 28. Qxa5 Nxe2 29. Bc6 Rc8 (29... Rb8 $1 $14) 30. Re1 $36 {[%mdl 2048] White is in control.} g6 {[#]} 31. Qa6 $1 Qe6 (31... Rxc6 $16 {keeps fighting.} 32. Qxc6 Nxf4+ 33. Kf1 Qd3+ 34. Kg1 Qd4+ 35. Kh1 Nd3) 32. Rxe2 $18 Qxc6+ 33. Qxc6 Rxc6 {[%mdl 4096] Endgame KR-KR} 34. a4 Ra6 35. Ra2 Ra5 36. Kf3 Kf8 37. Ke4 Ke7 38. Kd4 Kd6 39. Kc4 Kc6 40. Kb4 Kb6 (40... Rd5 $142 41. Rb2 Rd7) 41. Rd2 {aiming for Rd6+.} Rf5 42. Rd7 h5 $2 (42... Kc6 43. Re7 Kb6) 43. h4 Kc6 44. Re7 Kb6 45. Rd7 Kc6 46. Ra7 Kb6 47. Re7 Kc6 $2 (47... Rd5 48. Rxf7 Rd4+ 49. Kc3 Rxa4 50. Rf6+ Kc5) 48. a5 Rb5+ 49. Ka4 Rd5 50. Rxf7 Rd4+ 51. Kb3 Kb5 52. Kc3 Ra4 53. f5 {[%cal Bf4f5,Bf5f6,Bf6f7][%mdl 32]} Ra3+ 54. Kd4 Rxg3 55. f6 g5 56. hxg5 Rxg5 57. Rg7 {White mates.} Rf5 58. f7 Ka6 59. Ke4 Rf1 60. Ke5 Kxa5 61. Rg5 {Precision: White = 85%, Black = 40%.} 1-0

[Event "9th Ferdowski Cup 2019"]
[Site "Mashhad"]
[Date "2019.03.06"]
[Round "7.2"]
[White "Aitbayev, Aslan"]
[Black "Mazur, Stefan"]
[Result "1-0"]
[WhiteElo "2441"]
[BlackElo "2441"]
[Annotator "TA"]
[PlyCount "77"]
[EventDate "2019.03.01"]
[EventType "swiss"]
[EventCountry "IRI"]
[SourceTitle "playchess.com"]
[Source "ChessBase"]
[SourceQuality "1"]

{[%evp 17,77,21,25,21,26,27,50,25,45,43,63,74,97,97,86,89,93,86,190,101,109,93,93,80,92,36,43,45,26,0,147,163,206,225,330,324,304,275,267,207,676,658,628,561,534,475,492,485,470,459,504,490,508,503,569,594,679,685,1229,1198,2526,1346]} 1. e4 e5 2. Nf3 Nc6 3. Bb5 a6 4. Ba4 Nf6 5. d3 d6 6. c3 g6 7. Nbd2 Bg7 8. O-O O-O 9. Re1 b5 10. Bc2 {C77: Ruy Lopez: 3...a6 4 Ba4 Nf6, unusual lines} Bb7 11. a4 (11. Nf1 Nb8 12. d4 Nbd7 13. Ng3 Re8 14. a4 c6 15. Be3 Qc7 16. h3 exd4 17. cxd4 c5 {0-1 (65) McShane,L (2640)-Howell,D (2676) London 2017}) 11... Re8 12. Nb3 {White is slightly better.} Nd7 $146 ({Predecessor:} 12... b4 13. c4 Nd7 14. d4 exd4 15. Nbxd4 Nxd4 16. Nxd4 Nc5 17. f3 f5 18. Nb3 Nxb3 19. Bxb3 fxe4 20. fxe4 Rxe4 21. Rxe4 Bxe4 22. Qe1 Bd4+ 23. Be3 Qg5 {0-1 (23) Kather,Y (2101)-Thakur,A (2325) Innsbruck 2018}) 13. Bg5 f6 14. Be3 f5 15. exf5 gxf5 16. d4 e4 17. Ng5 h6 (17... Nf6 $16) 18. Nh3 (18. d5 $18 Nce5 19. Ne6) 18... Nf6 $16 19. Nf4 Ne7 20. Qd2 Qd7 21. Na5 ({Better is} 21. Nc1 $16) 21... Bd5 $1 $14 22. Nxd5 Nexd5 23. Bxh6 Kh7 (23... Bxh6 $11 {remains equal.} 24. Qxh6 Kf7) 24. Bg5 $16 Rg8 25. Bb3 f4 (25... c6 {keeps fighting.} 26. Rec1 Rge8) 26. Bxf6 $18 Nxf6 27. Bxg8+ Rxg8 28. Qxf4 d5 $2 {[#]} (28... Bh6 29. Qh4 (29. Qxf6 Bg5 $11) 29... Qf5) 29. axb5 {White is clearly winning.} axb5 30. Nb3 Nh5 {[%cal Bf6h5,Bh5f4,Bf4d3][%mdl 32]} 31. Nc5 Nxf4 32. Nxd7 Nd3 33. Re2 Rd8 34. Nc5 Nxc5 35. dxc5 Rb8 36. Ra7 b4 37. cxb4 c6 38. Re3 d4 39. Rxe4 {Accuracy: White = 58%, Black = 35%.} 1-0

[Event "9th Ferdowski Cup 2019"]
[Site "Mashhad"]
[Date "2019.03.06"]
[Round "7.3"]
[White "Gholami Orimi, Mahdi"]
[Black "Bagheri, Maziar"]
[Result "1-0"]
[WhiteElo "2408"]
[BlackElo "2260"]
[Annotator "TA"]
[PlyCount "155"]
[EventDate "2019.03.01"]
[EventType "swiss"]
[EventCountry "IRI"]
[SourceTitle "playchess.com"]
[Source "ChessBase"]
[SourceQuality "1"]

{[%evp 20,155,0,0,43,43,50,51,54,41,47,39,43,43,38,34,56,-33,-18,-37,-41,-33,-10,-27,-18,-52,-10,0,0,-41,0,0,0,0,0,0,0,0,29,0,14,1,26,-63,20,0,0,0,0,0,0,0,0,-79,-75,-183,-200,-184,-91,-137,-8,-89,-41,-129,0,-67,0,-90,-76,-109,-118,-148,-143,-139,-128,-547,121,127,121,114,107,0,180,-225,59,70,54,59,193,27,227,131,131,131,131,131,131,134,134,36,36,36,36,36,36,36,39,41,43,43,63,8,29957,29949,11633,12672,7997,6122,7531,6783,2825,4129,6542,5051,29974,29975,29970,29975,29983,29984,29985,29986,29986,29987,29987,29988,29988,29989]} 1. d4 d5 2. c4 c6 3. Nc3 Nf6 4. Nf3 e6 5. g3 Be7 6. Bg2 O-O 7. O-O b6 8. b3 Nbd7 9. Bb2 Ba6 10. Qc2 Rc8 11. Rfd1 b5 {E08: Closed Catalan: Main Line: 7 Qc2} (11... dxc4 12. bxc4 Bxc4 13. Ne5 Nxe5 14. dxe5 Nd5 15. Ne4 b5 16. Nd6 Bxd6 17. exd6 f6 18. a4 Qxd6 19. Ba3 Qc7 20. Bxf8 Rxf8 21. axb5 cxb5 22. Bxd5 exd5 23. Rxd5 {½-½ (40) Iturrizaga Bonelli,E (2636)-Stefansson,H (2502) Tegernsee 2018}) 12. c5 b4 13. Na4 Bb5 {White is slightly better.} 14. a3 a5 $146 ({Predecessor:} 14... bxa3 15. Rxa3 Ne4 16. Nc3 Nxc3 17. Bxc3 e5 18. Rxa7 e4 19. Ne5 Nxe5 20. dxe5 Bxc5 {0-1 (34) Santos,A (2327)-Rego,P (2134) Lisbon 2012}) 15. axb4 axb4 16. Ne1 Qc7 17. Nd3 Bxd3 18. exd3 (18. Qxd3 $14 Ra8 19. f3) 18... Qb7 $15 19. Re1 Bd8 20. Re2 Bc7 21. f4 Rfe8 22. Rf1 Nf8 23. Bh3 Ng6 24. Qd2 Re7 25. Qe1 Rce8 26. Bc1 Qb5 27. Rf3 h5 28. Rfe3 Kf8 29. Ra2 Rb8 30. Qd1 Ree8 31. Re5 (31. f5 $11 exf5 32. Bxf5) 31... Bxe5 (31... Nxe5 32. fxe5 Nh7 33. Rf2 $11) (31... Ne7 $15) 32. fxe5 Ng4 33. Bf1 Ra8 34. h3 Nh6 35. Qxh5 Nf5 36. Rf2 (36. Qh7 $11) 36... Kg8 $36 {[%mdl 2048] Black is really pushing.} 37. Qg4 (37. Qf3 $17 {only move.}) 37... Rxa4 $1 $19 38. bxa4 Qxa4 39. Bb2 b3 (39... Ra8 $17 {Hoping for ...Qb3.} 40. Qf3 Nh8) 40. Qg5 (40. Qf3 $11) 40... Qa5 41. Re2 (41. g4 $15 Ng3 42. h4) 41... Qd8 (41... Ra8 $1 $17 42. h4 Qa2) 42. Qg4 (42. Qxd8 $11 Rxd8 43. Kf2) 42... Re7 (42... Qe7 $15) 43. h4 (43. Qg5 $1 $11) 43... Ra7 $1 $17 44. h5 Nf8 {[%cal Bg6f8,Bf8h7,Bh7g5,Bg5f3][%mdl 32]} 45. Qf4 Ra2 46. Rf2 Nh7 47. g4 $2 {[%mdl 8192]} (47. Bc3 $17 {is tougher.}) 47... Qg5 $2 (47... Qh4 $19 {...Ng5 is the strong threat.} 48. Rh2 Qg5) 48. Qxg5 $16 Nxg5 49. gxf5 exf5 50. Bc1 (50. Rxf5 $2 Rxb2 51. Rxg5 Ra2 $19) (50. Kg2 $1 $16) 50... f4 $2 (50... Ne6 $11 {and Black stays safe.}) 51. Rb2 $4 {[%mdl 8192]} ({Avoid the trap} 51. Bxf4 $2 Nf3+ $1 {[%mdl 512]} 52. Rxf3 (52. Kg2 $2 Nh4+ 53. Kg1 Rxf2 $19) 52... b2 $19) (51. Rxf4 $2 Ra1 $17) (51. Rxa2 $1 $18 {is the narrow road to win.} bxa2 52. Bb2) 51... Nf3+ $2 (51... Ra1 $19 52. Rxb3 (52. Bd2 $2 Nf3+ 53. Kf2 Nxd2 $19) 52... Rxc1) 52. Kf2 $14 Nxd4 53. Bh3 Kf8 {[#]} (53... Ra5 $1 $14) 54. Bg4 $2 (54. Bd7 $1 $18) 54... g5 $2 {[#]} (54... g6 $1 $11 {and Black is okay.}) 55. Rxa2 ({White should try} 55. h6 $1 $18) 55... bxa2 $16 56. Bb2 Nb3 57. d4 a1=Q 58. Bxa1 Nxa1 {[%mdl 4096] Endgame KB-KN} 59. Bd1 ({Better is} 59. Bd7 $16) 59... g4 $1 $14 60. Ba4 {Threatens to win with h6.} Kg7 61. Bxc6 Nb3 62. Bxd5 Nxd4 63. c6 {Strongly threatening c7.} Nb5 64. Bc4 Nc7 65. Be2 (65. Ke2 $14) 65... f6 $2 {[%mdl 8192]} (65... g3+ $11 66. Kf3 Kh6) 66. exf6+ Kxf6 67. Bxg4 Kg5 68. Bf3 Ne6 69. Ke1 Kf6 70. Kd2 Ke7 71. Kc3 Ng5 72. h6 {White mates.} Kd6 73. Kb4 Nh7 74. Kb5 Kc7 75. Be4 Ng5 76. h7 Nf7 77. Bg6 Nh8 78. Bh5 {Accuracy: White = 34%, Black = 35%.} 1-0

[Event "9th Ferdowski Cup 2019"]
[Site "Mashhad"]
[Date "2019.03.06"]
[Round "7.4"]
[White "Li, Bo"]
[Black "Grigoryan, Karen H."]
[Result "1-0"]
[WhiteElo "2314"]
[BlackElo "2571"]
[Annotator "TA"]
[PlyCount "179"]
[EventDate "2019.03.01"]
[EventType "swiss"]
[EventCountry "IRI"]
[SourceTitle "playchess.com"]
[Source "ChessBase"]
[SourceQuality "1"]

{[%evp 22,179,29,26,70,61,72,72,50,-17,16,8,19,24,41,3,36,43,45,16,19,23,18,9,52,0,0,0,0,0,0,-8,0,-2,8,-6,-5,-5,25,-4,44,26,26,25,62,36,43,0,56,56,56,56,56,56,89,83,73,93,106,99,99,85,62,16,16,16,19,16,74,74,74,74,72,28,35,35,35,35,26,20,29,3,66,66,625,620,582,576,439,206,358,291,282,259,715,682,683,672,632,581,486,445,1202,498,470,388,12834,12843,12515,12515,12515,585,12515,7191,5549,1469,29958,29961,29965,29966,29965,29966,29968,29969,29969,29970,29971,29971,29972,29973,29976,29974,29975,29976,29976,29977,29978,29979,29980,29981,29981,29977,29977,29978,29978,29979,29979,29980,29979,29980,29980,29979,29982,29983,29983,29983,29983,29984,29984,29984]} 1. d4 Nf6 2. c4 g6 3. Nc3 Bg7 4. g3 c5 5. Nf3 O-O 6. Bg2 d6 7. O-O Nc6 8. dxc5 dxc5 9. Be3 Be6 10. Qa4 Nd4 11. Bxd4 cxd4 12. Nb5 $1 d3 {E65: King's Indian: Fianchetto: 6...c5 7 0-0 without d5 by White} 13. exd3 Qxd3 14. Ne5 Qf5 {[#] White is better.} 15. Rfe1 $146 ({White should try} 15. Rae1 $14) ({Predecessor:} 15. Rae1 Ng4 16. Nxg4 Qxg4 17. Re4 Qf5 18. Nd4 Bxd4 19. Rxd4 Rab8 20. Qxa7 {1-0 (31) Pantsulaia,L (2590)-Baryshpolets,A (2540) Tbilisi 2014}) 15... Ng4 16. Nxg4 Qxg4 17. Re4 Qf5 18. Nd4 Qc5 19. Nxe6 fxe6 20. Re2 Bd4 {[%cal Rf8f2]} 21. Rf1 Rab8 22. Qd7 Rf6 23. Bh3 (23. Rxe6 $14 Rxf2 24. Bd5 (24. Rxf2 Bxf2+ 25. Kh1 Qxc4 $11) 24... Re2+ 25. Kh1 Rxe6 26. Qxe6+ (26. Bxe6+ Kh8 $14) 26... Kh8 27. b3) 23... e5 $11 24. Qd5+ Qxd5 25. cxd5 Rbf8 26. Rc2 e4 27. Re2 Bb6 28. Bg2 e3 $1 29. fxe3 Rxf1+ 30. Bxf1 {[%mdl 4096] Endgame KRB-KRB} Bc5 31. Kg2 Kg7 32. e4 g5 33. h3 (33. Rc2 $5 {[%cal Rc2c5]} Bd6 34. Be2 $16) 33... h5 34. e5 b6 ({Better is} 34... Rf5 $11) 35. Rd2 $14 Be3 36. Rc2 Bd4 37. d6 Bxe5 {[#]} 38. d7 $1 ({Much weaker is} 38. dxe7 Re8 $11) 38... Rd8 {[#]} 39. Bb5 $1 e6 40. Rc8 Bf6 41. Kf3 Kf7 42. Ke4 Ke7 43. b3 a6 44. Bc6 b5 (44... Bb2 $11 {remains equal.}) 45. a4 $16 bxa4 46. Bxa4 Kd6 47. Rc1 Rg8 48. Rd1+ Ke7 49. g4 hxg4 50. hxg4 Rb8 51. Kf3 Be5 (51... Rh8 $11) 52. Rc1 $1 $14 {[%cal Rc1c8] Strongly threatening Rc8.} Kd8 $2 {[%mdl 8192]} (52... Rf8+ $14 53. Ke4 Bd6) 53. Re1 $18 Bd6 54. Rxe6 {Hoping for Re8+.} Kc7 55. Rg6 (55. Ke4 $142) 55... Rf8+ $2 (55... Be7 {is a better defense.} 56. Re6 (56. Rxa6 Rb6 $16) 56... Bd8 57. Rxa6 Rb6) 56. Ke2 Be7 57. Rxa6 Rf4 $2 (57... Rb8 58. Re6 Kd8) 58. Ra8 Rxg4 59. Rc8+ Kd6 60. d8=Q+ Bxd8 61. Rxd8+ {KRB-KR} Kc5 (61... Ke5 $142 62. Kf3 Rh4 63. Re8+ Kf6 64. Rf8+ Ke5) 62. Rg8 (62. Kf3 $142 Rg1 63. Rd3) 62... Kb4 63. Kf3 Rg1 $2 (63... Rf4+ 64. Kg3 Rf5) 64. Rb8+ Kc3 65. Bd7 Rf1+ 66. Kg3 Rg1+ 67. Kf2 Rd1 68. Be6 g4 69. Rc8+ {White mates.} Kb4 70. Rc4+ Ka3 71. Rxg4 Rd6 72. Bc4 Kb4 73. Ke3 Kc3 74. Rg8 Rd7 75. Ke4 Kb4 76. Rb8+ Kc3 77. Be6 Rd4+ 78. Ke5 Rh4 79. Rc8+ Kb2 80. Rc4 Rh5+ 81. Kd6 Rb5 82. Re4 Kc3 83. Kc6 Rb8 84. Kc5 Kd3 85. Rh4 Re8 86. Bc4+ Kc3 87. Rh3+ Kb2 88. Bd5 Rc8+ 89. Bc6 Rb8 90. b4 {Accuracy: White = 56%, Black = 31%.} 1-0

[Event "9th Ferdowski Cup 2019"]
[Site "Mashhad"]
[Date "2019.03.06"]
[Round "7.5"]
[White "Daghli, Arash"]
[Black "Danielyan, Vahe"]
[Result "1-0"]
[WhiteElo "2345"]
[BlackElo "2246"]
[Annotator "TA"]
[PlyCount "81"]
[EventDate "2019.03.01"]
[EventType "swiss"]
[EventCountry "IRI"]
[SourceTitle "playchess.com"]
[Source "ChessBase"]
[SourceQuality "1"]

{[%evp 24,81,53,37,147,133,195,157,272,214,175,175,152,47,37,26,25,22,167,160,131,145,471,447,495,493,424,470,450,424,349,307,864,854,837,826,1225,1194,1179,1124,1338,1337,1246,1276,1191,1161,1833,1868,2533,1877,1658,1610,6195,5273,29985,29983,29976,29978,29983,29982]} 1. d4 Nf6 2. c4 e6 3. Nc3 Bb4 4. e3 Bxc3+ 5. bxc3 c5 6. Bd3 Nc6 7. Ne2 d6 8. O-O e5 9. Ng3 O-O 10. d5 Ne7 11. f4 {E41: Nimzo-Indian: Rubinstein: 4...c5 5 Bd3, including Hübner Variation} exf4 12. exf4 b5 (12... Ng6 13. f5 Ne5 14. Bg5 h6 15. Bh4 g5 16. fxg6 fxg6 17. Qd2 Nxd3 18. Qxh6 Ne5 19. Rxf6 Rxf6 {1-0 (35) Peralta,F (2580)-Tomazini,Z (2439) Caleta 2019}) 13. cxb5 {LiveBook: 3 Games. White is slightly better.} c4 (13... a6 $14) 14. Bxc4 $16 Bb7 (14... Nf5 $16 {is a better defense.}) 15. Qd4 $146 ({Predecessor:} 15. Be3 Qc7 16. Bd3 Qxc3 17. Rc1 Qa5 18. Bd4 Nexd5 {0-1 (40) Fabian,G (2344)-Hungaski,R (2451) Mar del Plata 2012}) 15... Rc8 (15... Nexd5 $16 16. Bxd5 Bxd5) 16. Be2 ({Not} 16. Qxa7 Rxc4 17. Qxb7 Rxc3 $16) 16... Nexd5 17. c4 Qb6 18. Rd1 ({White should try} 18. Qxb6 $16 Nxb6 19. Be3) 18... Nc3 $1 $14 {[%cal Rc3d1]} 19. Qxb6 axb6 20. Rxd6 {Hoping for Bf1.} Nfe4 (20... Nxe2+ $11 21. Nxe2 Rxc4) 21. Rxb6 $18 Nxg3 {[#]} 22. Bg4 $1 $36 {[%mdl 2048] White has strong initiative.} ({Don't play} 22. hxg3 $6 Nxe2+ 23. Kf2 Nxc1 $14) 22... f5 $2 {[%mdl 8192]} (22... Nge2+ $16 {is more resistant.} 23. Kf1 Rb8) 23. Rxb7 fxg4 24. hxg3 Rxc4 {intending ...Ne2+.} 25. Bb2 Re8 26. Bxc3 Rxc3 {[%mdl 4096] Endgame KRR-KRR} 27. Rd1 Rc2 $2 (27... h5 28. Kh1 Rc4) 28. Rdd7 Kh8 29. Re7 {[%cal Re7e8] [#]} Ra8 30. Ra7 Rb8 31. b6 {[%cal Bb5b6,Bb6b7][%mdl 32]} h5 32. b7 Rb2 33. Kh2 Kh7 34. a4 {[%cal Ba2a4,Ba4a5,Ba5a6][%mdl 32]} Rb1 35. a5 Kg6 36. Ra6+ Kh7 37. Rb6 Ra1 38. a6 Ra3 39. Rc7 {White mates.} h4 40. gxh4 g3+ 41. Kh3 {Precision: White = 65%, Black = 31%.} 1-0

[Event "9th Ferdowski Cup 2019"]
[Site "Mashhad"]
[Date "2019.03.06"]
[Round "7.6"]
[White "Atakhan, Abtin"]
[Black "Daneshvar, Bardiya"]
[Result "1/2-1/2"]
[WhiteElo "2207"]
[BlackElo "2328"]
[Annotator "TA"]
[PlyCount "38"]
[EventDate "2019.03.01"]
[EventType "swiss"]
[EventCountry "IRI"]
[SourceTitle "playchess.com"]
[Source "ChessBase"]
[SourceQuality "1"]

{[%evp 9,38,-45,0,0,0,-31,-31,-44,-20,-35,-28,-79,0,-20,-13,-22,-20,-45,-27,-43,-46,-53,-48,-89,-12,0,18,0,57,58,57]} 1. c4 c6 2. Nf3 d5 3. g3 Nf6 4. Bg2 dxc4 5. a4 a5 (5... Be6 6. Na3 Bd5 7. Qc2 e5 8. Nxc4 e4 9. Nh4 Na6 10. b3 Bc5 11. Bb2 O-O 12. Nf5 Re8 13. O-O {1-0 (70) Vallejo Pons,F (2711)-Short,N (2646) Madrid 2016}) 6. Na3 {A11: English Opening: 1...c6} Qd5 7. Qc2 Be6 8. Nh4 {Black is slightly better.} Qd4 9. Nf3 $146 ({Predecessor:} 9. O-O Nbd7 10. Nf3 Qc5 11. d4 cxd3 12. Qxd3 Bf5 13. Qb3 {1-0 (47) Morales Quintero,J (1940)-Ramirez Medina,V (2011) Agaete 2014}) 9... Qe4 10. Qc3 (10. Qxe4 $11 {remains equal.} Nxe4 11. Nd4) 10... Nd5 (10... Bd5 $17) 11. Qxc4 (11. Qd4 {seems wilder.} Nf6 12. Qc3) 11... Qxc4 12. Nxc4 Nb4 13. Na3 Nd7 14. O-O Nc5 15. Nd4 Bg4 {Strongly threatening ...e5.} 16. h3 {[#]} Bd7 ({Better is} 16... Bh5 $1 $17 {Threatens to win with ...e5.} 17. Nc4 O-O-O) 17. Nc4 $11 g6 18. d3 Be6 (18... Bg7 $11 19. Be3 Ne6) 19. Nxe6 $14 Nxe6 {Accuracy: White = 36%, Black = 35%.} 1/2-1/2